01236nam a22002295i 4500001000700000003000900007005001700016008004100033040003000074100004600104245011800150260007100268300004100339490006800380505023000448597002500678650003300703830007600736852004900812999001900861952012600880158530ES-MaACL20250809023754.0991028s1889 fr |||| | fre d aCCPB | B bspa cCCPB | B1 aMaine, Henry Sumner (d1822-1888)912936310aÉtudes sur l'histoire du droit / cpar Henry Sumner Maine ; traduit de l'anglais avec autorisation de l'auteur. aParis : bErnest Thorin, éd., c1889 (fImp. A. Chauvin et fils) a[2], LXXVIII, [2], 704 p. ; c21 cm.1 aBibliothèque de l'histoire du droit et des institutions ; v58 aContiene: Les communautés de village en orient et en occident ; L'Inde et les idées de l'Europe moderne : théorie de la preuve ; Le droit romain et l'éducation juridique; La famille patriarcale: l'Inde et l'Angleterre 1aPort. con grab. xil. 7aDerecho-vHistoria291574020 aBibliothèque de l'histoire du droit et des institutions ; v59188164 aES-MaACLjF-12730 z-- Enc. pasta española c158530d158530 001040708LIBXIXaATENEOMbATENEOMcSPP2d2008-01-17eSSCl0oF-12730p1165928r2023-02-23 00:00:00w2023-02-23yMONANT